Horticultural science. (Record no. 5074)

MARC details
000 -LEADER
fixed length control field 00726nam a2200265 4500
001 - CONTROL NUMBER
control field 2682436
003 - CONTROL NUMBER IDENTIFIER
control field OSt
005 - DATE AND TIME OF LATEST TRANSACTION
control field 20210920142538.0
008 - FIXED-LENGTH DATA ELEMENTS--GENERAL INFORMATION
fixed length control field 720510s1972 caua b 001 0 eng
010 ## - LIBRARY OF CONGRESS CONTROL NUMBER
LC control number 74165417
020 ## - INTERNATIONAL STANDARD BOOK NUMBER
International Standard Book Number 0716708233
040 ## - CATALOGING SOURCE
Transcribing agency HU
082 00 - DEWEY DECIMAL CLASSIFICATION NUMBER
Classification number 635/JAM
100 1# - MAIN ENTRY--PERSONAL NAME
Personal name Janick, Jules,
Dates associated with a name 1931-
9 (RLIN) 5119
245 10 - TITLE STATEMENT
Title Horticultural science.
250 ## - EDITION STATEMENT
Edition statement 2d ed.
260 ## - PUBLICATION, DISTRIBUTION, ETC.
Place of publication, distribution, etc. San Francisco,
Name of publisher, distributor, etc. W. H. Freeman
Date of publication, distribution, etc. [1972]
300 ## - PHYSICAL DESCRIPTION
Extent 586
Other physical details illus.
Dimensions 25 cm.
350 ## - PRICE (NR) (BK AM CF MU VM SE) [OBSOLETE]
Price $12.00
490 0# - SERIES STATEMENT
Series statement A Series of books in agricultural science. Plant science
504 ## - BIBLIOGRAPHY, ETC. NOTE
Bibliography, etc. note Includes bibliographies.
650 #0 - SUBJECT ADDED ENTRY--TOPICAL TERM
Topical term or geographic name entry element Horticulture.
9 (RLIN) 5120
906 ## - LOCAL DATA ELEMENT F, LDF (RLIN)
a 7
b cbc
c orignew
d 2
e ncip
f 19
g y-gencatlg
942 ## - ADDED ENTRY ELEMENTS (KOHA)
Source of classification or shelving scheme Dewey Decimal Classification
Koha item type Books like text book referance book
Suppress in OPAC No
Holdings
Withdrawn status Lost status Source of classification or shelving scheme Damaged status Not for loan Home library Current library Shelving location Date acquired Total Checkouts Full call number Barcode Date last seen Copy number Price effective from Koha item type
    Dewey Decimal Classification     Natural & Computational Science Library Natural & Computational Science Library General Stacks 09/20/2021   635/JAM NSCLIB00008878 09/20/2021 1 09/20/2021 Books like text book referance book